000 00612nam a2200193 a 4500
001 000034388
005 20250128171711.0
008 111004s1999 dr a 000 0 spa d
020 _a84-7953-338-2
040 _aDO-SdBNP
_bspa
_cBNPHU
100 1 _aJohnson, Spencer
_946899
245 1 0 _aQuiƩn se ha llevado mi queso :
_buna manera sorprendente de afrontar el cambio en el trabajo y en la vida privada /
_cSpencer Johnson.
250 _a10a ed.
260 _aBarcelona :
_bUrano, D.L.,
_c1999.
300 _a93 p. :
_bil. ;
_c23 cm.
490 1 _aEmpresa xxi
830 0 _aEmpresa xxi
_959809
049 _aBNPD
999 _c33879
_d33879